[Event "X Torneo Leonardo di Bona A"]
[Site "Cutro ITA"]
[Date "2004.04.25"]
[Round "3"]
[White "Abatino, Maurizio"]
[Black "Mrdja, Milan"]
[Result "1/2-1/2"]
[WhiteElo "2224"]
[BlackElo "2405"]
[PlyCount "34"]
[EventDate "2004.04.23"]

1. d4 e6 2. c4 Nf6 3. Nc3 d5 4. Bg5 Nbd7 5. e3 Be7 6. Nf3 O-O 7. Rc1 c6 8. Bd3
a6 9. a3 h6 10. Bh4 dxc4 11. Bxc4 b5 12. Bd3 c5 13. O-O Bb7 14. Re1 Rc8 15. Bb1
Re8 16. dxc5 Nxc5 17. Qxd8 Rexd8 1/2-1/2

[Event "X Torneo Leonardo di Bona A"]
[Site "Cutro ITA"]
[Date "2004.04.25"]
[Round "3"]
[White "Blasco, Domenico"]
[Black "Wohl, Aleksandar H."]
[Result "0-1"]
[WhiteElo "2032"]
[BlackElo "2399"]
[PlyCount "172"]
[EventDate "2004.04.23"]

1. c4 b6 2. Nc3 Bb7 3. e4 e5 4. Nf3 Nc6 5. g3 Bc5 6. Bg2 Nf6 7. O-O O-O 8. d3
d6 9. a3 a5 10. Rb1 Nd7 11. Nh4 Re8 12. Nd5 Nf8 13. Nf5 Ne6 14. Qg4 Kh8 15.
Nxg7 Nxg7 16. Bg5 Qc8 17. Qh4 Re6 18. Nf6 Rxf6 19. Bxf6 Qf8 20. Bh3 Bc8 21.
Bxc8 Rxc8 22. Qg4 Ra8 23. Qd7 Nd8 24. b4 axb4 25. axb4 Bd4 26. Qxc7 Nde6 27.
Qd7 Re8 28. Kg2 Kg8 29. f4 Nh5 30. fxe5 dxe5 31. Bh4 Ra8 32. Rf5 Nhg7 33. Rf6
Ra2+ 34. Kh1 Qe8 35. Qb7 Nd8 36. Qd5 Nge6 37. Rbf1 Ra7 38. R6f5 Qc6 39. Bxd8
Qxd5 40. exd5 Nxd8 41. c5 bxc5 42. bxc5 Bxc5 43. Rxe5 Rd7 44. Rg5+ Kf8 45. Rh5
Kg7 46. Rf4 f6 47. Rg4+ Kh8 48. Rf5 Be7 49. Ra4 Nf7 50. Kg2 Kg7 51. Rg4+ Kf8
52. Rh5 Ne5 53. Re4 Bd8 54. Rexe5 fxe5 55. Rxe5 Bc7 56. Rh5 Kg7 57. Kf3 Kg6 58.
g4 Re7 59. Rf5 Bxh2 60. Rf8 Bg1 61. Rf5 Bc5 62. d4 Bxd4 63. d6 Rd7 64. Rd5 Bg1
65. Kg2 Ba7 66. Kf3 Bb8 67. Kg2 Bxd6 68. Kh3 Kf6 69. Kg2 Ke6 70. Rd2 Ra7 71.
Rf2 Ra4 72. Kh3 Ra3+ 73. Kg2 Rg3+ 74. Kh1 Rxg4 75. Rf6+ Kd5 76. Rh6 Rg7 77.
Rh5+ Ke4 78. Rh6 Bf4 79. Rh3 Ra7 80. Rb3 h5 81. Kg2 Ra2+ 82. Kh1 h4 83. Kg1
Be3+ 84. Kh1 Kf3 85. Rb2 Ra1+ 86. Kh2 Bf4+ 0-1

[Event "X Torneo Leonardo di Bona A"]
[Site "Cutro ITA"]
[Date "2004.04.25"]
[Round "3"]
[White "Cetkovic, Sergio"]
[Black "Palac, Mladen"]
[Result "0-1"]
[WhiteElo "2122"]
[BlackElo "2565"]
[PlyCount "78"]
[EventDate "2004.04.23"]

1. d4 Nf6 2. Nf3 g6 3. Bg5 Bg7 4. c3 O-O 5. Nbd2 d6 6. e3 Qe8 7. Bc4 e5 8. dxe5
dxe5 9. e4 Nbd7 10. h3 h6 11. Be3 b6 12. Qc2 Bb7 13. O-O-O Qe7 14. Nh2 a6 15.
Ng4 h5 16. Nxf6+ Bxf6 17. g4 hxg4 18. hxg4 Bg5 19. Qd3 Nc5 20. Bxc5 Qxc5 21.
Qh3 Kg7 22. Qh7+ Kf6 23. f4 Bxf4 24. Qh4+ g5 25. Qh6+ Ke7 26. Rhf1 Qd6 27. Qh7
Qf6 28. Qh1 Rad8 29. Kc2 Rh8 30. Qg2 Qg6 31. Bd3 Rh2 32. Qf3 Rxd3 33. Kxd3
Rxd2+ 34. Rxd2 Qd6+ 35. Kc2 Qxd2+ 36. Kb1 f5 37. gxf5 g4 38. Qh1 Qh2 39. f6+
Kf7 0-1

[Event "X Torneo Leonardo di Bona A"]
[Site "Cutro ITA"]
[Date "2004.04.25"]
[Round "3"]
[White "Contin, Daniel"]
[Black "Armentano, Alessio"]
[Result "1-0"]
[WhiteElo "2401"]
[BlackElo "1991"]
[PlyCount "63"]
[EventDate "2004.04.23"]

1. Nf3 Nf6 2. c4 g6 3. b3 Bg7 4. Bb2 O-O 5. g3 d6 6. Bg2 e5 7. O-O Nc6 8. Nc3
Ne7 9. d4 Nd7 10. e4 h6 11. Qd2 f5 12. dxe5 dxe5 13. Rad1 a6 14. Ba3 Rf7 15.
Nh4 Kh7 16. Bh3 Bf6 17. Ng2 Qe8 18. Ne3 Nf8 19. f4 fxe4 20. Bxc8 Rxc8 21. Nxe4
Bg7 22. fxe5 Nf5 23. Ng4 Bxe5 24. Rfe1 Nd7 25. Qxd7 Rxd7 26. Rxd7+ Kh8 27. Ngf6
Bxf6 28. Rh7+ Kxh7 29. Nxf6+ Kg7 30. Rxe8 Rxe8 31. Nxe8+ Kf7 32. Nxc7 1-0

[Event "X Torneo Leonardo di Bona A"]
[Site "Cutro ITA"]
[Date "2004.04.25"]
[Round "3"]
[White "Del Rio Angelis, Salvador Gabriel"]
[Black "Blagojevic, Dragisa"]
[Result "1/2-1/2"]
[WhiteElo "2506"]
[BlackElo "2514"]
[PlyCount "89"]
[EventDate "2004.04.23"]

1. e4 e5 2. Nf3 Nc6 3. Bb5 a6 4. Ba4 Nf6 5. d3 b5 6. Bb3 Be7 7. Nbd2 O-O 8. c3
d6 9. Nf1 Na5 10. Bc2 c5 11. Ng3 Nc6 12. O-O h6 13. h3 Re8 14. d4 cxd4 15. cxd4
Bf8 16. a4 Bd7 17. axb5 axb5 18. Rxa8 Qxa8 19. dxe5 dxe5 20. Nh5 Nxh5 21. Qxd7
Nf6 22. Qd1 Bc5 23. Qe2 Qb7 24. Bd3 Nd4 25. Nxd4 Bxd4 26. Bxb5 Rb8 27. Bd3 Bxb2
28. Bxb2 Qxb2 29. Rb1 Qxb1+ 30. Bxb1 Rxb1+ 31. Kh2 Rb4 32. f3 Rb6 33. Qe3 Re6
34. Qc3 h5 35. h4 g6 36. Qe3 Kg7 37. Kh3 Re8 38. Qc3 Re6 39. g3 Re8 40. Qc7 Re6
41. Qc8 Re8 42. Qc4 Re6 43. Qb5 Kg8 44. g4 Re8 45. g5 1/2-1/2

[Event "X Torneo Leonardo di Bona A"]
[Site "Cutro ITA"]
[Date "2004.04.25"]
[Round "3"]
[White "Djuric, Stefan"]
[Black "Napoli, Nicolo'"]
[Result "1-0"]
[WhiteElo "2518"]
[BlackElo "2127"]
[PlyCount "64"]
[EventDate "2004.04.23"]

1. Nf3 g6 2. e4 d5 3. exd5 Nf6 4. Bb5+ Nbd7 5. c4 Bg7 6. O-O O-O 7. Nc3 Nb6 8.
d3 e6 9. dxe6 Bxe6 10. Be3 c6 11. Ba4 Nxa4 12. Nxa4 Bg4 13. Rc1 b6 14. h3 Bh5
15. Nc3 c5 16. Bg5 Qd7 17. Bxf6 Bxf6 18. g4 Bxg4 19. hxg4 Qxg4+ 20. Kh1 Bg5 21.
Nxg5 Qh4+ 22. Kg2 Qxg5+ 23. Kh3 Qf5+ 24. Kg3 h5 25. Qf3 Qe5+ 26. Kg2 Rad8 27.
Rce1 Qg5+ 28. Qg3 Qh6 29. Nd5 g5 30. Rh1 h4 31. Qe5 Rd6 32. Ne7+ Kh7 1-0

[Event "X Torneo Leonardo di Bona A"]
[Site "Cutro ITA"]
[Date "2004.04.25"]
[Round "3"]
[White "Ernst, Thomas"]
[Black "Bentivegna, Francesco"]
[Result "1-0"]
[WhiteElo "2464"]
[BlackElo "2258"]
[PlyCount "47"]
[EventDate "2004.04.23"]

1. e4 d5 2. exd5 Nf6 3. d4 Bg4 4. f3 Bf5 5. c4 e6 6. dxe6 Nc6 7. Be3 Bb4+ 8.
Nc3 Qe7 9. Bd3 Bxe6 10. Qd2 O-O-O 11. Nge2 Rhe8 12. Bf2 Bc5 13. O-O-O Nxd4 14.
Nxd4 Bxd4 15. Bxd4 Rxd4 16. Nb5 Rdd8 17. Qe3 c6 18. Qxa7 cxb5 19. cxb5 Qc7+ 20.
Kb1 Rxd3 21. Rxd3 Nd5 22. Rc1 Bf5 23. Qa8+ Kd7 24. Rxc7+ 1-0

[Event "X Torneo Leonardo di Bona A"]
[Site "Cutro ITA"]
[Date "2004.04.25"]
[Round "3"]
[White "Kaps, Darja"]
[Black "Cordi', Domenico"]
[Result "1/2-1/2"]
[WhiteElo "2185"]
[BlackElo "2059"]
[PlyCount "132"]
[EventDate "2004.04.23"]

1. e4 Nf6 2. e5 Nd5 3. c4 Nb6 4. d4 d6 5. Nf3 Bg4 6. Be2 c6 7. exd6 exd6 8. O-O
Be7 9. Qb3 O-O 10. Nc3 N8d7 11. a4 a5 12. Be3 Nf6 13. Rfd1 Qc7 14. h3 Bf5 15.
Rac1 Nbd7 16. Nh4 Bg6 17. Nxg6 hxg6 18. Bf3 Rae8 19. Ne2 Nh7 20. c5 d5 21. Bf4
Qc8 22. Rc2 g5 23. Bd2 Qc7 24. Ng3 g6 25. Qc3 Bd8 26. b4 axb4 27. Qxb4 Bf6 28.
Rb2 Rb8 29. Bg4 Rfe8 30. Re1 Rxe1+ 31. Bxe1 Bg7 32. a5 f5 33. Bd1 Nhf8 34. Bc3
Ne6 35. Ne2 Kf7 36. Nc1 Bf6 37. Nd3 Nf4 38. Nxf4 Qxf4 39. g3 Qc7 40. Bf3 g4 41.
hxg4 f4 42. Kg2 fxg3 43. fxg3 Bg5 44. Bd2 Qd8 45. Rb1 Kg7 46. Bf4 Bxf4 47. gxf4
Qc7 48. Qd2 Rf8 49. g5 Rxf4 50. Rxb7 Qxb7 51. Qxf4 Qb2+ 52. Kg3 Qc3 53. a6 Qa1
54. Qe3 Kf7 55. Bg4 Nf8 56. Qf4+ Kg7 57. Qf6+ Kg8 58. Kh4 Qe1+ 59. Kh3 Qh1+ 60.
Kg3 Qg1+ 61. Kf4 Qh2+ 62. Kf3 Qh1+ 63. Kg3 Qg1+ 64. Kh4 Qe1+ 65. Kh3 Qh1+ 66.
Kg3 Qg1+ 1/2-1/2

[Event "X Torneo Leonardo di Bona A"]
[Site "Cutro ITA"]
[Date "2004.04.25"]
[Round "3"]
[White "Kotronias, Vasilios"]
[Black "Ristic, Nenad"]
[Result "1-0"]
[WhiteElo "2607"]
[BlackElo "2447"]
[PlyCount "83"]
[EventDate "2004.04.23"]

1. e4 c5 2. Nf3 d6 3. d4 cxd4 4. Nxd4 Nf6 5. Nc3 g6 6. Be3 Bg7 7. f3 O-O 8. Qd2
Nc6 9. Bc4 Bd7 10. O-O-O Rc8 11. Bb3 Nxd4 12. Bxd4 b5 13. Nd5 Nxd5 14. Bxg7
Kxg7 15. exd5 a5 16. a3 b4 17. axb4 axb4 18. Qxb4 Kg8 19. Rhe1 Re8 20. Rd4 Rc5
21. Kd1 Qc7 22. Qd2 Ra8 23. Ke2 Bf5 24. c3 Qb7 25. Bc4 e5 26. dxe6 Rxc4 27.
Rxc4 Qb5 28. exf7+ Kxf7 29. Qf4 g5 30. Qxd6 Qxc4+ 31. Kf2 Ra7 32. Qe5 Kg6 33.
g4 Bc8 34. Qd6+ Kf7 35. Qh6 Qc5+ 36. Kg2 Rc7 37. Qxh7+ Kf6 38. Qh8+ Kg6 39. Re8
Qc4 40. Rg8+ Kf7 41. Rg7+ Ke6 42. Qh6+ 1-0

[Event "X Torneo Leonardo di Bona A"]
[Site "Cutro ITA"]
[Date "2004.04.25"]
[Round "3"]
[White "Lazic, Miroljub"]
[Black "Epishin, Vladimir V."]
[Result "1/2-1/2"]
[WhiteElo "2481"]
[BlackElo "2610"]
[PlyCount "27"]
[EventDate "2004.04.23"]

1. Nf3 Nf6 2. b3 d5 3. Bb2 Bg4 4. e3 e6 5. h3 Bxf3 6. Qxf3 Bd6 7. d3 Nbd7 8.
Nd2 Qe7 9. a3 h5 10. g3 O-O-O 11. Bg2 c6 12. b4 g5 13. Qe2 g4 14. h4 1/2-1/2

[Event "X Torneo Leonardo di Bona A"]
[Site "Cutro ITA"]
[Date "2004.04.25"]
[Round "3"]
[White "Miladinovic, Igor"]
[Black "Garcia Palermo, Carlos Horacio"]
[Result "1-0"]
[WhiteElo "2614"]
[BlackElo "2444"]
[PlyCount "49"]
[EventDate "2004.04.23"]

1. d4 d5 2. Bg5 h6 3. Bh4 c6 4. Nf3 Qb6 5. Qc1 Bf5 6. e3 e6 7. Be2 Be7 8. Bxe7
Nxe7 9. O-O Nd7 10. c4 O-O 11. Nc3 dxc4 12. Nd2 e5 13. Nxc4 Qc7 14. dxe5 Nxe5
15. Nxe5 Qxe5 16. e4 Be6 17. Qe3 Qa5 18. f4 f6 19. b4 Qa3 20. f5 Bf7 21. e5
fxe5 22. f6 Ng6 23. Qg3 Qxb4 24. Bh5 Qh4 25. fxg7 1-0

[Event "X Torneo Leonardo di Bona A"]
[Site "Cutro ITA"]
[Date "2004.04.25"]
[Round "3"]
[White "Movsziszian, Karen"]
[Black "Brancaleoni, Maurizio"]
[Result "1-0"]
[WhiteElo "2511"]
[BlackElo "2296"]
[PlyCount "79"]
[EventDate "2004.04.23"]

1. g3 d5 2. Bg2 e5 3. d3 Nf6 4. Nf3 Nbd7 5. O-O c6 6. c4 dxc4 7. dxc4 Be7 8.
Nc3 O-O 9. Qc2 Qc7 10. b3 Re8 11. Bb2 Bf8 12. e3 a5 13. a3 Nc5 14. Nd2 Rd8 15.
Rad1 Bg4 16. f3 Bh5 17. h3 e4 18. f4 Bxd1 19. Nxd1 Qd6 20. Bd4 Ne6 21. Bc3 Qd3
22. Qc1 Nc5 23. g4 a4 24. b4 Nb3 25. Nxb3 axb3 26. Nb2 Qc2 27. Qe1 Rd3 28. Bxf6
Rd2 29. Bxe4 gxf6 30. Bxc2 Rxc2 31. Rf2 Rxa3 32. Rxc2 bxc2 33. c5 f5 34. Qc1
Rc3 35. Kf2 fxg4 36. hxg4 f5 37. gxf5 h5 38. Ke2 h4 39. f6 h3 40. Kd2 1-0

[Event "X Torneo Leonardo di Bona A"]
[Site "Cutro ITA"]
[Date "2004.04.25"]
[Round "3"]
[White "Roeder, Matthias"]
[Black "Zelcic, Robert"]
[Result "0-1"]
[WhiteElo "2457"]
[BlackElo "2509"]
[PlyCount "44"]
[EventDate "2004.04.23"]

1. d4 Nf6 2. c4 e6 3. Nf3 d5 4. Nc3 c5 5. cxd5 Nxd5 6. g3 Nc6 7. Bg2 Ndb4 8.
dxc5 Qxd1+ 9. Kxd1 Bxc5 10. Bd2 O-O 11. a3 Nd5 12. Ne4 Bb6 13. Rc1 Rd8 14. Nc5
e5 15. e4 Nf6 16. Re1 Bg4 17. Nxb7 Nd4 18. Nxd8 Nxf3 19. Nc6 Bxf2 20. Kc2 Nxe1+
21. Bxe1 Bxe1 22. Kd3 Bf2 0-1

[Event "X Torneo Leonardo di Bona A"]
[Site "Cutro ITA"]
[Date "2004.04.25"]
[Round "3"]
[White "Straub, Peter"]
[Black "Janev, Evgeni"]
[Result "0-1"]
[WhiteElo "2109"]
[BlackElo "2405"]
[PlyCount "64"]
[EventDate "2004.04.23"]

1. c4 e5 2. Nc3 Nf6 3. d3 Nc6 4. g3 Bc5 5. Bg2 O-O 6. Nf3 d6 7. O-O a6 8. a3 h6
9. b4 Ba7 10. Rb1 Be6 11. a4 a5 12. b5 Nb4 13. Ba3 Bc5 14. Qb3 c6 15. Na2 cxb5
16. axb5 e4 17. dxe4 a4 18. Qb2 Nxa2 19. Bxc5 dxc5 20. Qxa2 Nxe4 21. Qc2 Nd6
22. Nd2 a3 23. Ra1 Qa5 24. Rfb1 Rfd8 25. e3 Qa4 26. Qc3 a2 27. Rc1 Qb4 28. Qxb4
cxb4 29. Rc2 Nxc4 30. Bxb7 Rxd2 31. Rxd2 Nxd2 32. Bxa8 b3 0-1

[Event "X Torneo Leonardo di Bona A"]
[Site "Cutro ITA"]
[Date "2004.04.25"]
[Round "3"]
[White "Tirard, Hugo"]
[Black "Drasko, Milan"]
[Result "1/2-1/2"]
[WhiteElo "2444"]
[BlackElo "2464"]
[PlyCount "53"]
[EventDate "2004.04.23"]

1. e4 e6 2. d4 d5 3. Nc3 Bb4 4. e5 Ne7 5. a3 Bxc3+ 6. bxc3 c5 7. Qg4 O-O 8. Bd3
Nbc6 9. Qh5 Ng6 10. Nf3 Qc7 11. Be3 Nce7 12. h4 Bd7 13. Qg4 f5 14. Qh3 cxd4 15.
cxd4 Bb5 16. Bxb5 Qa5+ 17. Bd2 Qxb5 18. h5 Nh8 19. h6 g6 20. Bb4 Rfe8 21. Qh4
Qd7 22. O-O Nc6 23. Bd2 Nf7 24. Rfb1 Qe7 25. Qg3 Rac8 26. a4 b6 27. Ra2 1/2-1/2

[Event "X Torneo Leonardo di Bona A"]
[Site "Cutro ITA"]
[Date "2004.04.25"]
[Round "3"]
[White "Van Hoolandt, Patrick"]
[Black "Predojevic, Borki"]
[Result "1/2-1/2"]
[WhiteElo "2237"]
[BlackElo "2490"]
[PlyCount "78"]
[EventDate "2004.04.23"]

1. c4 e5 2. g3 Nf6 3. Bg2 h6 4. a3 c6 5. d4 exd4 6. Qxd4 d5 7. cxd5 cxd5 8. Nf3
Be6 9. Nc3 Nc6 10. Qd3 Be7 11. O-O O-O 12. Rd1 Qd7 13. b4 Rfd8 14. Bb2 Rac8 15.
Rac1 Bf5 16. Qd2 a6 17. e3 Bg4 18. Ne2 Qf5 19. Ned4 Nxd4 20. Nxd4 Qd7 21. Rxc8
Rxc8 22. f3 Bh3 23. Nc2 Bf5 24. Bxf6 Bxf6 25. e4 Be6 26. exd5 Bf5 27. Nd4 Qxd5
28. Nxf5 Qxf5 29. f4 Rc7 30. Qe3 Qc8 31. Be4 g6 32. Kg2 Kg7 33. Qd3 h5 34. Rd2
Rc1 35. Rc2 Rxc2+ 36. Qxc2 Qd7 37. Qd3 Qc7 38. Qd5 b5 39. Qb7 Qxb7 1/2-1/2

[Event "X Torneo Leonardo di Bona A"]
[Site "Cutro ITA"]
[Date "2004.04.26"]
[Round "4"]
[White "Abatino, Maurizio"]
[Black "Armentano, Alessio"]
[Result "1/2-1/2"]
[WhiteElo "2224"]
[BlackElo "1991"]
[PlyCount "111"]
[EventDate "2004.04.23"]

1. d4 f5 2. g3 g6 3. Bg2 Bg7 4. Nh3 Nf6 5. c3 e6 6. Nf4 d5 7. Nd2 Qd6 8. Nf3
Ne4 9. Nd3 O-O 10. O-O c5 11. Bf4 Qe7 12. h4 c4 13. Nde5 Nd7 14. Qc1 Nxe5 15.
Nxe5 Bd7 16. f3 Nd6 17. Qd2 Nf7 18. Nxd7 Qxd7 19. e4 Nd6 20. e5 Nf7 21. Kf2 h6
22. Rh1 Kh7 23. Ke2 a5 24. Qc2 Nd8 25. Raf1 Kh8 26. Bh3 b5 27. Bd2 Nc6 28. g4
Qf7 29. gxf5 gxf5 30. Qc1 Qh5 31. Bf4 Kh7 32. Rfg1 Rg8 33. Qc2 Bh8 34. Bg4 Qf7
35. h5 Rab8 36. Rh2 Ra8 37. Rhg2 Rab8 38. Bc1 Bg7 39. Bh3 Qxh5 40. Bg4 Qg6 41.
Bh3 Qf7 42. Rh1 Bf8 43. Rgh2 Rg6 44. Bf1 Ne7 45. Rh4 Bg7 46. Kd1 Ng8 47. Qh2
Bf8 48. Be2 Qg7 49. Bf1 Be7 50. Rh5 Bg5 51. Bxg5 Rxg5 52. Rxg5 Qxg5 53. f4 Qe7
54. Be2 b4 55. Qg3 Qg7 56. Qe3 1/2-1/2

[Event "X Torneo Leonardo di Bona A"]
[Site "Cutro ITA"]
[Date "2004.04.26"]
[Round "4"]
[White "Bentivegna, Francesco"]
[Black "Blasco, Domenico"]
[Result "1-0"]
[WhiteElo "2258"]
[BlackElo "2032"]
[PlyCount "65"]
[EventDate "2004.04.23"]

1. e4 g6 2. d4 Bg7 3. Nc3 c6 4. f4 d5 5. e5 Nh6 6. Nf3 f6 7. h3 O-O 8. Bd3 fxe5
9. fxe5 e6 10. O-O b6 11. Bg5 Qe8 12. Ne2 Ba6 13. Bxa6 Nxa6 14. Qd2 Nf5 15. g4
Ne7 16. Nh4 Qd7 17. Bf6 Nc7 18. Rf2 c5 19. c3 Rac8 20. Ng3 Nc6 21. g5 cxd4 22.
cxd4 Nb5 23. Nf3 Na5 24. Qd3 Rc4 25. a4 Nc7 26. Nh2 Rc8 27. Bxg7 Kxg7 28. Raf1
Ne8 29. Ng4 R4c7 30. Nh6 Nd6 31. exd6 Qxd6 32. Rf7+ Rxf7 33. Rxf7+ 1-0

[Event "X Torneo Leonardo di Bona A"]
[Site "Cutro ITA"]
[Date "2004.04.26"]
[Round "4"]
[White "Blagojevic, Dragisa"]
[Black "Lazic, Miroljub"]
[Result "1-0"]
[WhiteElo "2514"]
[BlackElo "2481"]
[PlyCount "81"]
[EventDate "2004.04.23"]

1. d4 Nc6 2. d5 Ne5 3. e4 e6 4. f4 Ng6 5. dxe6 dxe6 6. Qxd8+ Kxd8 7. Nf3 Bb4+
8. c3 Bc5 9. Bd3 Nf6 10. g3 Bd7 11. Ke2 Bc6 12. Be3 Bxe3 13. Kxe3 Ke7 14. Nbd2
Rhd8 15. h3 Kf8 16. Nc4 Bb5 17. Nce5 Nxe5 18. Nxe5 Bxd3 19. Nxd3 Rd6 20. Rhd1
b6 21. c4 Rd7 22. Ne5 Rdd8 23. Rxd8+ Rxd8 24. Nc6 Ra8 25. Rd1 Ke8 26. f5 exf5
27. exf5 g5 28. Kf3 a5 29. h4 gxh4 30. gxh4 Kf8 31. Re1 Re8 32. Rxe8+ Kxe8 33.
c5 Kd7 34. Ne5+ Ke7 35. cxb6 cxb6 36. a4 Nd7 37. Nxd7 Kxd7 38. Kg4 Kd6 39. Kg5
Ke5 40. h5 f6+ 41. Kh6 1-0

[Event "X Torneo Leonardo di Bona A"]
[Site "Cutro ITA"]
[Date "2004.04.26"]
[Round "4"]
[White "Brancaleoni, Maurizio"]
[Black "Antoniacci, Riccardo"]
[Result "1-0"]
[WhiteElo "2296"]
[BlackElo "2048"]
[PlyCount "21"]
[EventDate "2004.04.23"]

1. Nf3 c5 2. c4 Nc6 3. Nc3 g6 4. e3 Bg7 5. d4 b6 6. d5 Ne5 7. d6 exd6 8. Nb5
Bf8 9. Nxe5 dxe5 10. Qd5 Ba6 11. Qxe5+ 1-0

[Event "X Torneo Leonardo di Bona A"]
[Site "Cutro ITA"]
[Date "2004.04.26"]
[Round "4"]
[White "Drasko, Milan"]
[Black "Contin, Daniel"]
[Result "1/2-1/2"]
[WhiteElo "2464"]
[BlackElo "2401"]
[PlyCount "90"]
[EventDate "2004.04.23"]

1. d4 Nf6 2. c4 e6 3. Nc3 Bb4 4. Qc2 c5 5. dxc5 Nc6 6. Nf3 Bxc5 7. g3 d5 8.
cxd5 exd5 9. Bg2 O-O 10. O-O d4 11. Na4 Be7 12. a3 Bg4 13. b4 Rc8 14. Qd3 Qd7
15. Bg5 Bf5 16. Qd1 Rfd8 17. Bxf6 Bxf6 18. Nc5 Qe7 19. Nd3 Re8 20. Re1 a5 21.
b5 Na7 22. a4 Rc3 23. Nf4 Rd8 24. Ra2 g5 25. Nd3 Nc8 26. Rd2 Nd6 27. Nb2 Ne4
28. Nxd4 Nxd2 29. Nxf5 Qd7 30. g4 Nc4 31. Qxd7 Rxd7 32. Nd3 Ne5 33. Nxe5 Bxe5
34. Bd5 Ra3 35. Rc1 Ra1 36. Rxa1 Bxa1 37. b6 Kf8 38. e4 Be5 39. Ne3 Bd4 40. Nc4
Ke7 41. Kf1 Rd8 42. Bxb7 Rb8 43. Nxa5 Kd7 44. Bc6+ Kd6 45. Bd5 Bxb6 1/2-1/2

[Event "X Torneo Leonardo di Bona A"]
[Site "Cutro ITA"]
[Date "2004.04.26"]
[Round "4"]
[White "Epishin, Vladimir V."]
[Black "Miladinovic, Igor"]
[Result "1/2-1/2"]
[WhiteElo "2610"]
[BlackElo "2614"]
[PlyCount "56"]
[EventDate "2004.04.23"]

1. d4 d5 2. c4 Nc6 3. Nf3 Bg4 4. Nc3 e6 5. cxd5 exd5 6. Bf4 Bxf3 7. gxf3 Bd6 8.
Bg3 h5 9. e3 h4 10. Bxd6 Qxd6 11. Bh3 Nf6 12. f4 Kf8 13. O-O Re8 14. Kh1 g6 15.
Rg1 Rh5 16. Rc1 a6 17. Rg5 Rxg5 18. fxg5 Ne4 19. Nxe4 dxe4 20. a3 Ne7 21. Rc5
b6 22. Rc1 Qd5 23. Qg4 c5 24. dxc5 bxc5 25. Qxh4 Kg8 26. Qg4 Qd2 27. Rf1 Nf5
28. Qd1 Qxb2 1/2-1/2

[Event "X Torneo Leonardo di Bona A"]
[Site "Cutro ITA"]
[Date "2004.04.26"]
[Round "4"]
[White "Garcia Palermo, Carlos Horacio"]
[Black "Kotronias, Vasilios"]
[Result "1/2-1/2"]
[WhiteElo "2444"]
[BlackElo "2607"]
[PlyCount "64"]
[EventDate "2004.04.23"]

1. e4 c5 2. Nf3 Nc6 3. g3 Nf6 4. d3 d5 5. exd5 Nxd5 6. Bg2 g6 7. Nc3 Nxc3 8.
bxc3 Bg7 9. Bb2 O-O 10. O-O Rb8 11. Qc1 c4 12. Rd1 Qc7 13. d4 Bg4 14. h3 Bxf3
15. Bxf3 e6 16. Qg5 Ne7 17. Ba3 Rfe8 18. Bxe7 Rxe7 19. Rab1 e5 20. Rb5 h6 21.
Qd2 Qd7 22. Rc5 Qxh3 23. dxe5 Qf5 24. Bd5 Rxe5 25. Rxc4 Re7 26. Rf4 Qg5 27. Qd3
Be5 28. Rf3 Kg7 29. Re1 Rbe8 30. Kg2 Bf6 31. Rxe7 Rxe7 32. Rf4 h5 1/2-1/2

[Event "X Torneo Leonardo di Bona A"]
[Site "Cutro ITA"]
[Date "2004.04.26"]
[Round "4"]
[White "Janev, Evgeni"]
[Black "Napoli, Nicolo'"]
[Result "1/2-1/2"]
[WhiteElo "2405"]
[BlackElo "2127"]
[PlyCount "109"]
[EventDate "2004.04.23"]

1. e4 g6 2. d4 Bg7 3. Nf3 d6 4. c4 Nf6 5. Nc3 O-O 6. Be2 e5 7. O-O Nc6 8. d5
Ne7 9. b4 a5 10. bxa5 Rxa5 11. Nd2 Nd7 12. Nb3 Ra8 13. a4 f5 14. a5 Nf6 15. f3
f4 16. Ba3 h5 17. c5 g5 18. Nb5 Ne8 19. Rc1 Rf6 20. Qd2 Bf8 21. Nxc7 Nxc7 22.
cxd6 Rxd6 23. Qc3 Ne8 24. Qxe5 Ng6 25. Qd4 Bg7 26. Qd2 g4 27. fxg4 hxg4 28. Nd4
Qxa5 29. Bb4 Qa2 30. Qxa2 Bxd4+ 31. Kh1 Rxa2 32. Rxc8 Rxe2 33. Bxd6 Rxe4 34.
Bxf4 Nxf4 35. d6 Nd3 36. g3 Nc5 37. h3 Kg7 38. Rxc5 Bxc5 39. d7 Bb6 40. Rb1 Nf6
41. Rxb6 Nxd7 42. Rxb7 Re1+ 43. Kh2 Re2+ 44. Kg1 Rd2 45. hxg4 Kf6 46. Rb4 Kg5
47. Rf4 Nf6 48. Rf5+ Kg6 49. Rf2 Rd3 50. Rf4 Nd5 51. Re4 Rd2 52. Kf1 Nc3 53.
Re3 Rc2 54. Re5 Kf6 55. Rc5 1/2-1/2

[Event "X Torneo Leonardo di Bona A"]
[Site "Cutro ITA"]
[Date "2004.04.26"]
[Round "4"]
[White "Movsziszian, Karen"]
[Black "Roeder, Matthias"]
[Result "1/2-1/2"]
[WhiteElo "2511"]
[BlackElo "2457"]
[PlyCount "73"]
[EventDate "2004.04.23"]

1. g3 d5 2. Bg2 c6 3. Nf3 Bg4 4. O-O Nd7 5. d3 e6 6. b3 Ngf6 7. Bb2 Bd6 8. Nbd2
O-O 9. h3 Bh5 10. e4 e5 11. Qe1 Re8 12. Nh4 Qc7 13. Kh1 a5 14. a3 Rad8 15. Nf5
Bf8 16. f3 b5 17. h4 Bg6 18. Ne3 Nc5 19. Bh3 Nfd7 20. g4 f6 21. g5 fxg5 22.
hxg5 Ne6 23. Bxe6+ Rxe6 24. Qg3 Bd6 25. Rf2 Rf8 26. Rh2 Re7 27. Qh3 Ref7 28.
Nf5 Rxf5 29. exf5 Bxf5 30. Qg2 Nc5 31. Rh4 Ne6 32. Re1 Nf4 33. Qh2 Bg6 34. Qg1
Ne6 35. Qg4 Bf5 36. Qg2 Bg6 37. Qg4 1/2-1/2

[Event "X Torneo Leonardo di Bona A"]
[Site "Cutro ITA"]
[Date "2004.04.26"]
[Round "4"]
[White "Mrdja, Milan"]
[Black "Scerbo, Antonio"]
[Result "1-0"]
[WhiteElo "2405"]
[BlackElo "2097"]
[PlyCount "73"]
[EventDate "2004.04.23"]

1. e4 c5 2. Nf3 Nc6 3. Bb5 g6 4. h3 Bg7 5. Bxc6 bxc6 6. O-O Nf6 7. Re1 O-O 8.
c3 Rb8 9. e5 Nd5 10. d4 cxd4 11. Qxd4 d6 12. Qxa7 Bf5 13. Qd4 dxe5 14. Nxe5 Qc7
15. f4 Rfd8 16. Na3 Nb4 17. Qe3 Nd3 18. Nxd3 Rxd3 19. Qf2 Rbd8 20. Be3 R8d7 21.
Nc4 Be6 22. Nb6 Rd8 23. Na4 Qa5 24. Nc5 Rxe3 25. Qxe3 Bc8 26. Rad1 Rd5 27. a4
Bf5 28. Rxd5 cxd5 29. b4 Qd8 30. Rd1 Qd6 31. a5 e5 32. fxe5 Bxe5 33. a6 f6 34.
a7 Qc6 35. b5 Qa8 36. b6 Bc8 37. Qf3 1-0

[Event "X Torneo Leonardo di Bona A"]
[Site "Cutro ITA"]
[Date "2004.04.26"]
[Round "4"]
[White "Palac, Mladen"]
[Black "Van Hoolandt, Patrick"]
[Result "1-0"]
[WhiteElo "2565"]
[BlackElo "2237"]
[PlyCount "77"]
[EventDate "2004.04.23"]

1. d4 Nf6 2. c4 e6 3. Nc3 Bb4 4. Qc2 O-O 5. a3 Bxc3+ 6. Qxc3 b6 7. Bg5 Bb7 8.
Nf3 d6 9. Nd2 Nbd7 10. f3 h6 11. Bh4 c5 12. e4 Rc8 13. Bd3 Re8 14. O-O cxd4 15.
Qxd4 e5 16. Qe3 Nc5 17. b4 Ne6 18. Rfd1 Rc7 19. Qe1 Qe7 20. Nf1 g5 21. Bf2 Ng7
22. a4 Bc8 23. a5 bxa5 24. Rxa5 Be6 25. Ne3 Rb8 26. Rda1 Rbb7 27. Nd5 Nxd5 28.
exd5 Bf5 29. Bf1 Qd7 30. Qd2 Bg6 31. c5 dxc5 32. bxc5 Rb1 33. Rxb1 Bxb1 34. Qb2
Bg6 35. Qxe5 Qd8 36. c6 Re7 37. Qc3 Nf5 38. Rxa7 Qd6 39. Ra8+ 1-0

[Event "X Torneo Leonardo di Bona A"]
[Site "Cutro ITA"]
[Date "2004.04.26"]
[Round "4"]
[White "Tirard, Hugo"]
[Black "Del Rio Angelis, Salvador Gabriel"]
[Result "1/2-1/2"]
[WhiteElo "2444"]
[BlackElo "2506"]
[PlyCount "50"]
[EventDate "2004.04.23"]

1. e4 e6 2. d4 d5 3. Nc3 Bb4 4. e5 c5 5. a3 Bxc3+ 6. bxc3 Ne7 7. h4 b6 8. Bb5+
Bd7 9. Bd3 Qc7 10. h5 h6 11. Nf3 Ba4 12. Rb1 Nd7 13. g3 O-O-O 14. Rh4 c4 15.
Bf1 Nf5 16. Rg4 Rdg8 17. Nh4 Nxh4 18. Rxh4 Nb8 19. Bh3 Nc6 20. Rf4 Kb8 21. Qf3
Nd8 22. Kd1 Rf8 23. Rg4 Rhg8 24. Rf4 Rh8 25. Rg4 Rhg8 1/2-1/2